| 000 | 00942cab a2200337 4500 | ||
|---|---|---|---|
| 001 | ABS50615 | ||
| 008 | 090401t1994 xxu||||| |||| 00| 0 eng d | ||
| 035 | _a(Sirsi) u76678 | ||
| 041 | _aeng | ||
| 245 | _aEstates Times survey: Hertfordshire | ||
| 260 | _c1994 | ||
| 350 | _a0 | ||
| 490 |
_aEstates Times _v(1235) 20 May 1994, 11-25(14) |
||
| 650 | _aBOREHAMWOOD | ||
| 650 | _aHATFIELD | ||
| 650 | _aHEMEL HEMPSTEAD | ||
| 650 | _aHERTFORD | ||
| 650 | _aHERTFORDSHIRE | ||
| 650 | _aHITCHIN | ||
| 650 | _aINDUSTRIAL MARKET | ||
| 650 | _aPROPERTY-COMMERCIAL PROPERTY-OFFICE PROPERTY-OFFICE PROPERTY MARKET | ||
| 650 | _aPOTTERS BAR | ||
| 650 | _aPROPERTY-COMMERCIAL PROPERTY-RETAIL PROPERTY-RETAIL PROPERTY MARKET | ||
| 650 | _aST ALBANS | ||
| 650 | _aSTEVENAGE | ||
| 650 | _aWATFORD | ||
| 650 | _aWELWYN | ||
| 690 | _aPROPERTY-COMMERCIAL PROPERTY-COMMERCIAL PROPERTY MARKET | ||
| 942 | _n0 | ||
| 948 | _c04/03/1997 | ||
| 999 |
_c48179 _d48179 |
||